|
|
|
|
| LEADER |
00000nam a2200000 a 4500 |
| 001 |
vtls001421901 |
| 003 |
SK-MaSNL |
| 005 |
20260302001653.0 |
| 008 |
250313s1982 HU a r slo |
| 015 |
|
|
|a SNBZSA2001-00418
|
| 020 |
|
|
|a 9631764656
|
| 035 |
|
|
|a SNK000376755
|
| 035 |
|
|
|a urn:nbn:sk:snk-amyesv
|
| 035 |
|
|
|a urn:nbn:sk:snk-am00chr0
|
| 035 |
|
|
|a 3F42589A-70C4-4F23-A3DF-730B84FC29E7
|
| 040 |
|
|
|a SNK
|b slo
|c SNK
|e AACR2
|
| 041 |
0 |
|
|a slo
|
| 044 |
|
|
|a HU
|
| 080 |
|
|
|a 885.4 (439)-3(082)
|2 1981
|
| 245 |
1 |
0 |
|a Pramene
|b (novely)
|c Zoltán Bárkányi-Valkán ... [et al.]
|
| 260 |
|
|
|a Budapešť
|b Vydavateľstvo učebníc
|c 1982
|
| 300 |
|
|
|a 185 s.
|b ilustr.
|c 20 cm
|
| 500 |
|
|
|a 1500 výt.
|
| 500 |
|
|
|a Ilustr. a obál. navrhol Endre Lukoviczky
|
| 504 |
|
|
|a Biogr. údaje o aut.
|
| 650 |
0 |
7 |
|a novely slovenské
|x antológie
|2 SNK
|9 637946
|
| 650 |
0 |
7 |
|a antológie literárne
|x novely slovenské
|2 SNK
|9 637947
|
| 655 |
|
7 |
|a zbierky
|2 SNK
|9 70533
|
| 700 |
1 |
|
|a Bárkányi-Valkán, Zoltán,
|d 1941-
|4 aut
|9 240069
|
| 700 |
1 |
|
|a Fuhl, Imrich,
|d 1961-
|4 aut
|9 24314
|
| 700 |
1 |
|
|a Hrivnák, Michal,
|d 1936-
|4 aut
|9 22493
|
| 700 |
1 |
|
|a Kondač, Pavol,
|d 1931-
|4 aut
|9 37950
|
| 700 |
1 |
|
|a Marik, Juraj,
|d 1933-2019
|4 aut
|9 229699
|
| 700 |
1 |
|
|a Medvegy, Andrej,
|d 1941-
|4 aut
|9 155992
|
| 700 |
1 |
|
|a Lukovický, Ondrej
|4 ill
|4 nob
|9 298542
|
| 852 |
|
|
|a Slovenská národná knižnica
|
| 919 |
|
|
|a 963-17-6465-6
|
| 958 |
|
|
|a AUL
|
| 958 |
|
|
|a ZS
|
| 958 |
|
|
|a TL
|
| 958 |
|
|
|a HU
|
| 958 |
|
|
|a LX
|
| 958 |
|
|
|a ZB
|
| 958 |
|
|
|a OND
|
| 999 |
|
|
|c 984813
|d 986743
|
| 952 |
|
|
|t P60, <03>, [BOOK], {603}
|a SNK
|b SNK
|y PREZ
|7 0
|p 17A0318569
|o snkSD 71881
|i snkV 1452/2001
|0 0
|1 0
|4 0
|d 2001-10-30
|f 1
|l 0
|r 2005-01-02 00:00:00
|w 2026-02-24
|